000 00589nam a2200229Ia 4500
003 OSt
005 20220928102720.0
006 a|||||r|||| 00| 0
007 ta
008 220927b |||||||| |||| 00| 0 eng d
024 _a60920
037 _cTextual
040 _aSDCL
_cSDCL
_beng
041 _2eng
_aeng
082 _aX:513, N7
100 _aPatanjali Premchand
_9399975
245 0 _aAadhunik vigyapan.
260 _aNew Delhi
_bVani Prakashan
_c1997
300 _a176p
_ccm.
942 _hX:513, N7
_cTEXL
_2CC
999 _c715878
_d715878